[Event "Lugano New op 3rd"]
[Site "Lugano"]
[Date "2009.05.02"]
[Round "4"]
[White "Primerano, Carlo"]
[Black "Charriere, Loic"]
[Result "1-0"]
[WhiteElo "1721"]
[BlackElo "1668"]
[PlyCount "71"]
[EventDate "2009.04.30"]
[EventType "swiss"]
[EventRounds "6"]
[EventCountry "SUI"]
[SourceTitle "EXT 2011"]
[Source "ChessBase"]
[SourceDate "2010.11.26"]
[SourceVersion "1"]
[SourceVersionDate "2010.11.26"]
[SourceQuality "1"]

1. d4 Nf6 2. c4 e6 3. Nc3 Bb4 4. Qc2 b6 5. Bg5 Bb7 6. a3 Bxc3+ 7. Qxc3 d6 8. f3 Nbd7 9. e3 Rc8 10. Bd3 c5 11. Nh3 0-0 12. 0-0 Qc7 13. Qe1 Ne8 14. Be7 f5 15. Bxf8 Nxf8 16. Qh4 Ng6 17. Qf2 Nf6 18. d5 Nf8 19. dxe6 g6 20. Ng5 Qe7 21. Qh4 Rc7 22. Rae1 Nxe6 23. Nxe6 Qxe6 24. e4 fxe4 25. Bxe4 Qf7 26. Bxb7 Rxb7 27. Re2 Re7 28. Rfe1 Rxe2 29. Rxe2 Kg7 30. b3 Qd7 31. Qe1 Kf7 32. Rd2 Ng8 33. Qg3 Ke7 34. Qg5+ Kf8 35. Qd5 Ke7 36. Qxg8 1-0